[Event "LX C.to Italiano"]
[Site "Saint Vincent ITA"]
[Date "2000.10.16"]
[Round "8"]
[White "Martorelli, Antonio"]
[Black "Castaldo, Folco"]
[Result "1/2-1/2"]
[WhiteElo "2272"]
[BlackElo "2227"]
[PlyCount "132"]
[EventDate "2000.10.09"]

1. c4 c5 2. Nf3 Nf6 3. Nc3 Nc6 4. d4 cxd4 5. Nxd4 e6 6. Ndb5 Bc5 7. a3 O-O 8.
b4 Be7 9. Bf4 d5 10. cxd5 exd5 11. e3 Be6 12. Be2 Rc8 13. O-O a6 14. Nd4 Nxb4
15. Qb3 Nc6 16. Nxe6 fxe6 17. Qxb7 Na5 18. Qb2 Nc4 19. Qb7 Na5 20. Qb2 Nc4 21.
Bxc4 Rxc4 22. Ne2 Qd7 23. Nd4 Bc5 24. Nf3 Bd6 25. Nd2 Rc6 26. Bg3 Rb8 27. Qd4
Bxg3 28. hxg3 Qd6 29. Rfd1 Qe7 30. Nf3 Rc4 31. Qe5 Nd7 32. Qh5 Nf6 33. Qg5 Qd6
34. Rac1 Rbc8 35. Rxc4 Rxc4 36. Rb1 Qc7 37. Nd4 Rc1+ 38. Rxc1 Qxc1+ 39. Kh2 Kf7
40. a4 Qd2 41. f3 Qc3 42. Qe5 Qc8 43. a5 Ne8 44. Kh3 Qd7 45. g4 h6 46. Qh5+ Kg8
47. Qe5 Kf7 48. Qf4+ Ke7 49. Qe5 Kf7 50. g3 Qd6 51. Qh5+ Kf8 52. Qg6 e5 53.
Qf5+ Ke7 54. Nb3 Nf6 55. Qc8 Nd7 56. Qb7 Kf6 57. f4 exf4 58. gxf4 Qe6 59. Qa7
h5 60. Qd4+ Kf7 61. f5 hxg4+ 62. Kxg4 Nf6+ 63. Kf4 Nh5+ 64. Kg4 Nf6+ 65. Kf4
Nh5+ 66. Kg4 Nf6+ 1/2-1/2

[Event "LX C.to Italiano"]
[Site "Saint Vincent ITA"]
[Date "2000.10.16"]
[Round "8"]
[White "Sarno, Spartaco"]
[Black "Vezzosi, Paolo"]
[Result "1/2-1/2"]
[WhiteElo "2398"]
[BlackElo "2412"]
[PlyCount "35"]
[EventDate "2000.10.09"]

1. Nf3 d6 2. c4 e5 3. Nc3 Nc6 4. g3 g6 5. Bg2 Bg7 6. d3 h6 7. Rb1 Be6 8. b4 Qd7
9. b5 Nd8 10. Qb3 Nf6 11. a4 O-O 12. Ba3 Re8 13. h3 Nh5 14. Nd2 f5 15. Nd5 Bf7
16. e3 Rc8 17. O-O c6 18. Nc3 1/2-1/2

[Event "LX C.to Italiano"]
[Site "Saint Vincent ITA"]
[Date "2000.10.17"]
[Round "9"]
[White "Belotti, Bruno"]
[Black "Martorelli, Antonio"]
[Result "1/2-1/2"]
[WhiteElo "2417"]
[BlackElo "2272"]
[PlyCount "21"]
[EventDate "2000.10.09"]

1. e4 e5 2. Nf3 Nc6 3. Bb5 a6 4. Ba4 Nf6 5. O-O Be7 6. Re1 b5 7. Bb3 O-O 8. d3
d6 9. h3 Na5 10. Nc3 Bb7 11. Bd2 1/2-1/2

[Event "LX C.to Italiano"]
[Site "Saint Vincent ITA"]
[Date "2000.10.17"]
[Round "9"]
[White "Castaldo, Folco"]
[Black "Sarno, Spartaco"]
[Result "0-1"]
[WhiteElo "2227"]
[BlackElo "2398"]
[PlyCount "70"]
[EventDate "2000.10.09"]

1. e4 d6 2. d4 Nf6 3. Nc3 g6 4. f4 Bg7 5. Nf3 O-O 6. Bd3 Na6 7. O-O c5 8. d5
Rb8 9. Qe2 Nb4 10. Bc4 e6 11. a3 exd5 12. axb4 dxc4 13. bxc5 dxc5 14. e5 Nd5
15. Nxd5 Qxd5 16. Rd1 Qc6 17. Rd6 Qc7 18. Rxa7 Rd8 19. Qd1 Rxd6 20. exd6 Qb6
21. Ra3 Bg4 22. h3 Bxf3 23. Rxf3 Rd8 24. d7 Qc6 25. Qe2 b5 26. f5 Qxd7 27. Kh2
Qd1 28. Qe7 Qd6+ 29. Qxd6 Rxd6 30. Bf4 Rd5 31. fxg6 fxg6 32. b3 cxb3 33. Rxb3
b4 34. Kg3 Rd4 35. Kf3 Rc4 0-1